Kompleksnaja avtomatizacija upravlenija proizvodstvom

Gespeichert in:
Bibliographische Detailangaben
1. Verfasser: Prilepskij, Boris Vasil'jevič
Format: Buch
Sprache:Russisch
Veröffentlicht: Novosibirsk Nauka 1985
Tags: Tag hinzufügen
Keine Tags, Fügen Sie das erste Tag hinzu!

MARC

LEADER 00000nam a2200000 4500
001 c105649
005 20041019155135.1
041 0 |a rus 
044 |a RU 
245 1 0 |a Kompleksnaja avtomatizacija upravlenija proizvodstvom  |c Boris Vasil'jevič Prilepskij 
264 1 |a Novosibirsk  |b Nauka  |c 1985 
300 |a 171 s. 
100 1 |a Prilepskij, Boris Vasil'jevič